[Event "Werder Bremen IM-Turnie"]
[Site "SV Werder Bremen, Clubräume "]
[Date "2018.06.23"]
[Round "8.3"]
[White "Kardoeus, David"]
[Black "Ahlander, Björn"]
[Result "0-1"]
[WhiteElo "2226"]
[BlackElo "2435"]
[PlyCount "104"]
[EventDate "2018.??.??"]
[WhiteClock "0:17:30"]
[BlackClock "0:23:31"]

1. e4 c5 2. Nf3 e6 3. d4 cxd4 4. Nxd4 Nc6 5. Nc3 Qc7 6. Be3 a6 7. Qf3 Nf6 8.
O-O-O Be7 9. Qg3 $6 {Der frühe Damentausch - ansonsten im Offenen Sizilianer
verpönt - ist hier keine ungewöhnliche Idee. Allerdings sollte man lieber
den Springer von g4 fernhalten. Eine mögliche Variante ist} (9. Be2 O-O 10.
Qg3 Qxg3 11. hxg3 {Die Engines sehen Weiß leicht im Vorteil und auch das
Score in der Live-Datenbank von überraschenden 70% spricht dafür.}) 9... Qxg3
10. hxg3 Ng4 11. Nxc6 bxc6 (11... Nxe3 $15) 12. Bb6 Rb8 13. Na4 $2 {verliert
einen Bauern ohne ausreichende Kompensation.} (13. Ba7 $142 Rb7 14. Be2 Rxa7
15. Bxg4 d6 {Das Läuferpaar bietet dem Schwarzen langfristig leichten Vorteil.
}) 13... Rxb6 14. Nxb6 Nxf2 15. Nxc8 Nxh1 $17 16. Bxa6 Nxg3 17. e5 Ne4 18. Nb6
Bd8 19. Nc4 Bg5+ 20. Kb1 Ke7 21. Nb6 Rd8 22. c3 Nc5 23. Be2 f6 24. b4 Ne4 25.
Kc2 fxe5 26. Bd3 Nf6 27. Re1 Rb8 28. Nc4 Ra8 29. Rxe5 Rxa2+ 30. Nb2 Bf4 31. Re1
h6 32. Kb3 Ra8 33. c4 Rb8 34. Ra1 Be5 35. b5 Bd4 36. Ra6 e5 37. Na4 e4 38. Be2
cxb5 39. cxb5 Bf2 40. Nc3 d5 41. Rc6 d4 42. Rxf6 gxf6 43. Nxe4 Be3 44. Kc4 Rc8+
45. Kb4 Rc2 46. Bf3 d3 47. Kb3 f5 48. Nc3 Bd4 49. Nd5+ Kd6 50. Nf4 Rc3+ 51. Kb4
d2 52. Bh5 Rc1 0-1

[Event "Werder Bremen IM-Turnier"]
[Site "SV Werder Bremen, Clubräume "]
[Date "2018.06.23"]
[Round "8.4"]
[White "Wachinger, Nikolas"]
[Black "Skliarov, Viktor"]
[Result "1-0"]
[WhiteElo "2292"]
[BlackElo "2359"]
[PlyCount "145"]
[EventDate "2018.??.??"]
[WhiteClock "0:03:47"]
[BlackClock "0:32:51"]

1. e4 c5 2. Nc3 Nc6 3. Bb5 g6 4. Bxc6 bxc6 5. f4 Bg7 6. Nf3 Nh6 7. O-O O-O 8.
d3 d6 9. h3 f5 10. e5 Nf7 11. exd6 exd6 12. Be3 Rb8 13. Rb1 Re8 14. Qd2 (14.
Bf2 Qa5 15. Be1 Qc7 16. Na4 Nd8 17. Bc3 Ne6 18. Bxg7 Qxg7 19. Qd2 $11 {1-0 (40)
Pridorozhni,A (2553)-Maximov,D (2506) Pardubice 2010}) 14... Qa5 15. d4 c4 16.
Rfe1 Be6 17. b3 Bd5 18. Nxd5 Qxd5 19. Qc3 cxb3 20. axb3 Re4 21. Qd3 Rbe8 22. c4
Qe6 23. d5 cxd5 24. cxd5 Qd7 25. Nd2 R4e7 26. Bf2 g5 27. g3 (27. Rxe7 Rxe7 28.
fxg5 Nxg5 29. Bh4 h6 30. Rc1 Re8 31. Bg3 Ne4 32. Bf4 Qf7 33. Rc6 Qf6 34. Nxe4
fxe4 35. Qg3 Rf8 36. Be3 Kh8 37. Qxd6 $14) 27... gxf4 28. gxf4 Rxe1+ 29. Rxe1
Rxe1+ 30. Bxe1 Bh6 31. Bg3 Nh8 32. Nc4 Ng6 33. Qe3 Qf7 34. Qd4 Bg7 35. Qd3 Qf6
36. Kg2 h5 37. Kf3 Ne7 38. Bf2 a6 39. Ne3 Qd4 40. Qc4 Bf6 41. Nxf5 Qd1+ 42. Kg2
Qxd5+ (42... Nxf5 43. Qc8+ Kf7 44. Qxf5 Qe2 45. Qh7+ Kf8 46. Kg3 Ke8 $11) 43.
Qxd5+ Nxd5 44. Kf3 Bd8 (44... Be7 45. Bd4 Kf7 46. Ke4 Nb4 47. Nxe7 Kxe7 48. Bc3
Nc6 49. f5 $16) 45. Nxd6 Bc7 46. Bc5 Bxd6 47. Bxd6 Kf7 48. Be5 Ke6 49. Ke4 Ne7
50. f5+ Nxf5 51. Kf4 Ne7 52. Bd4 Nc6 (52... Nf5 53. Bc3 Nd6 54. Ba5 Kf6 55.
Bd8+ Kg6 $11) 53. Bc3 Kd5 54. h4 Nd8 (54... Ke6 55. Kg5 Ne7 56. Kxh5 Nd5 57.
Bd2 Kf5 58. Kh6 Nf6 59. b4 Ng4+ 60. Kg7 Nf6 61. Be3 Nh5+ 62. Kf7 Ng3 63. Ke7
Kg4 64. Kd7 Ne2 65. Bg5 Nd4 66. Kd6 Nc2 67. Kc5 Kh5 $11) 55. Kg5 Ke4 56. Kxh5
Kf5 57. Kh6 Ne6 58. h5 Nf4 59. Bd2 Nxh5 60. Kxh5 Ke4 61. Ba5 Kd5 62. Kg5 Ke5
63. b4 Ke6 64. Kf4 Kf6 65. Ke4 Ke6 66. Kd4 Kd6 67. Kc4 Kc6 68. Kb3 Kb5 69. Ka3
Kc6 70. Ka4 Kb7 71. Bd8 Kc8 72. Bf6 a5 73. Kxa5 1-0

[Event "Meister gegen Talente"]
[Site "?"]
[Date "2018.06.17"]
[Round "1"]
[White "Pahl, Erik"]
[Black "Hoeksema, Hendrik Pieter"]
[Result "0-1"]
[WhiteElo "2128"]
[BlackElo "2348"]
[Annotator "Erik Hoeksema"]
[PlyCount "110"]
[SourceVersionDate "2018.06.17"]

{BREMEN 2018 TALENTS VS. OLDTIMERS  By Erik Hoeksema, IM from Groningen, The
Netherlands. Member of SF Lilienthal  For the first time in my life I was
invited to play in a team of old masters. Flattering, but on the other hand a
bit of a shock. Apparently, people regard you as an old man, suddenly you
become very aware of your own mortality. Especially against these young
bloodhounds from Bremen! In the end I scored a decent 4 out of 6, but if my
opponents had taken all their chances it could easily have been 2 out of 6…
Against the Pahl-brothers I played my beloved Sicilian Rauzer. Well,
‘beloved’ is not the right word. I am addicted to these sharp Sicilians,
even though I know the elite players regard the Rauzer as highly dubious. The
only move after 1.e4 is 1…e5! but at my age it is just impossible to switch
from 1…c5 to 1…e5. In my passport it says Hendrik Pieter Hoeksema (55
years old), but if you delete a few letters from Hendrik you get Erik.
Personally, I prefer Erik.} 1. e4 c5 2. Nf3 d6 3. d4 cxd4 4. Nxd4 Nf6 5. Nc3
Nc6 6. Bg5 Qb6 $5 {[#] A sideline, the normal move is 6…e6. At the top level
Peter Svidler has played this move a couple of times, but he also writes (New
in Chess Magazine, 2002-8, pages 25-27, great analysis!) “Rauzer is a tough
lifestyle” and in the end even Svidler decided to “abandon the Rauzer
ship”. :-)} 7. Nb3 e6 8. Qd2 ({A good alternative is} 8. Be3 Qc7 {and now} 9.
g4) 8... Be7 9. Bxf6 ({The main line continues with} 9. O-O-O O-O 10. f3 a6 11.
h4 {but there is nothing wrong with the text.}) 9... gxf6 10. O-O-O ({During
the game I was a bit worried about the very direct} 10. Nb5 {but after} O-O 11.
Nxd6 Rd8 12. Nc4 Qc7 {Black gets good compensation - black squares and so on.})
10... a6 11. f4 Bd7 12. Be2 h5 13. Kb1 O-O-O 14. Rhf1 Kb8 15. f5 Ne5 16. Qd4 $2
{[#] In these kind of positions all Black is worried about is the safety of
his king, so White should NEVER NEVER trade queens. Better is 16.Pd4, striving
for a position with knights on f4 and d4 and a bishop on h3: maximum pressure
against pawn e6, the backbone of Blacks position. Of course, this will take
some reorganizing manoeuvres on White’s part. Good games to help you
understand these structures are Fischer-Spasski, Rejkjavik 1972 and
Karpov-Timman, Skopje 1976.} Qxd4 {With a great sigh of relief… In the next
few moves White doesn’t really improve his position, to say the least.} 17.
Rxd4 Rdg8 18. fxe6 fxe6 19. Rg1 h4 20. Nd1 Bd8 $1 {[#] Activating the bishop
at the cost of a pawn. B6 is a very tempting square for the bishop.} 21. Rxd6
Bc7 22. Rd2 Bb6 23. Rh1 Rxg2 {[#] And suddenly White is busted, Black has an
ideal position, anything a Rauzer fan can dream of. I have to compliment my
young opponent for his fighting spirit: from now on, he puts up a very
stubborn defense. Some older players might have resigned here, filled with
feelings of disgust and self-hate.} 24. Bf3 Rg6 25. Be2 Rhg8 26. Nc3 h3 27. Bf1
Rg2 28. Ne2 Bc6 29. Ng3 {Despite the strong pressure, White manages to hold on
- for now.} Rxd2 30. Nxd2 Rd8 31. Nb3 Rd1+ 32. Nc1 {[#] And here I started
looking for an elegant win, but it was not so easy. I looked at 32…Lxe4 33.
Pxe4 Le3, but I got scared of 34.Lg2. What a pity: Black wins nicely after
34…Txc1+! 35.Txc1 hxg2. This simple calculation is way too deep for an old
man, so I tried something else, something simpler.} f5 (32... Bxe4 $1 33. Nxe4
Be3 34. Bg2 Rxc1+ 35. Rxc1 hxg2 $19) 33. Bxh3 Rxh1 34. Nxh1 Bxe4 {[#] With an
overwhelming advantage for Black. Two mighty bishops, two connected free pawns
in the centre, it should be an easy win. In the meantime I had gotten very
tired after all my (attempts at) calculations, and this shows in the remainder
of the game. In the next twenty moves I did everything I could to spoil my
position, but in the end - after displaying some very poor technique - I
collected the full point.} 35. Ng3 Bc6 36. Nh5 Kc7 37. Nf4 Kd6 38. Bg2 Nf3 39.
Bxf3 Bxf3 40. Nb3 Be3 41. Nd3 e5 42. c4 Be4 43. Kc2 f4 44. h4 Bg6 45. Nd2 e4
46. Nc1 Bf2 47. h5 Bf5 48. Nf1 Kc5 49. b3 e3+ 50. Kc3 Be1+ 51. Kb2 Bh4 52. Nh2
Bf6+ 53. Ka3 Kd4 54. h6 Ke4 55. b4 f3 {[#] and White decided he had seen
enough. Of course, in the fifth round Theis Pahl should have avenged the
family honour, but he allowed me to escape with a draw in a completely lost
position. But that is something for Theis to comment on!} 0-1

[Event "Meister gegen Talente"]
[Site "?"]
[Date "2018.06.17"]
[Round "1"]
[White "Silber, Kevin"]
[Black "Buchal, Stephan"]
[Result "0-1"]
[WhiteElo "2124"]
[BlackElo "2337"]
[PlyCount "60"]
[SourceVersionDate "2018.06.17"]

1. e4 g6 2. d4 Bg7 3. Nc3 d6 4. f4 a6 5. Nf3 b5 6. Bd3 Nd7 7. e5 c5 8. Be4 Rb8
9. Ng5 cxd4 10. e6 f5 11. Bxf5 dxc3 12. Nxh7 Rxh7 13. exd7+ Bxd7 14. Bxg6+ Kf8
15. Qd5 Be8 16. Qf5+ Nf6 17. Bxh7 Bd7 18. Qd3 Nxh7 19. b3 Nf6 20. Be3 b4 21.
Bd4 Qa5 22. h3 Qh5 23. Kf2 Bf5 24. Qe3 Bxc2 25. Bxf6 Bxf6 26. g4 Bh4+ 27. Kg1
Qd5 28. f5 Qd2 29. Qa7 Bf6 30. Qxb8+ Kg7 0-1

[Event "Meister gegen Talente"]
[Site "?"]
[Date "2018.06.17"]
[Round "1"]
[White "Colbow, Collin"]
[Black "Margraf, Daniel"]
[Result "0-1"]
[WhiteElo "2087"]
[BlackElo "2245"]
[PlyCount "176"]
[SourceVersionDate "2018.06.17"]

1. e4 c5 2. Nf3 d6 3. d4 cxd4 4. Nxd4 Nf6 5. Nc3 a6 6. f4 Nbd7 7. a4 e5 8. Nf3
Be7 9. Bd3 O-O 10. O-O exf4 11. Kh1 Nc5 12. Bxf4 Bg4 13. Qd2 Re8 14. b4 Nxd3
15. cxd3 Rc8 16. Rab1 Qd7 17. Bg5 Be6 18. Nd4 d5 19. e5 Ng4 20. Bxe7 Qxe7 21.
Nxe6 fxe6 22. d4 Qh4 23. h3 Qg3 24. hxg4 Rxc3 25. Rbc1 Rxc1 26. Rxc1 Qxg4 27.
Rc7 Rf8 28. Kg1 b5 29. axb5 axb5 30. Rb7 Qf5 31. Qe2 Qf4 32. Rxb5 Qxd4+ 33. Kh2
Rc8 34. g3 Qc4 35. Qxc4 dxc4 36. Ra5 c3 37. Ra1 Kf7 38. Rc1 c2 39. Kg2 Kg6 40.
b5 Kf5 41. b6 Kxe5 42. Kf2 Rc6 43. b7 Rb6 44. b8=Q+ Rxb8 45. Rxc2 Rf8+ 46. Ke3
Rf7 47. Rc5+ Kf6 48. Kf4 Rd7 49. Rc8 Rd4+ 50. Ke3 Rg4 51. Kf3 h5 52. Rf8+ Ke5
53. Ra8 g6 54. Ra5+ Kf6 55. Ra8 Rg5 56. Rf8+ Ke5 57. Ra8 Rf5+ 58. Ke3 g5 59.
Rh8 g4 60. Rh6 Rf3+ 61. Ke2 Rxg3 62. Rxh5+ Kf4 63. Rh8 Rh3 64. Rf8+ Ke4 65. Rg8
Rh2+ 66. Kf1 Kf3 67. Rf8+ Kg3 68. Re8 Rf2+ 69. Kg1 Re2 70. Kf1 Rf2+ 71. Kg1 Rf6
72. Re7 Kf4 73. Kf2 e5 74. Ra7 e4 75. Re7 Rf5 76. Re8 g3+ 77. Kg2 e3 78. Re7
Re5 79. Rf7+ Ke4 80. Kxg3 Rg5+ 81. Kh4 Rg1 82. Re7+ Kd3 83. Rd7+ Ke2 84. Kh3
Kf2 85. Rf7+ Ke1 86. Kh2 Rg6 87. Re7 e2 88. Re8 Rd6 0-1

[Event "Meister gegen Talente"]
[Site "?"]
[Date "2018.06.17"]
[Round "1"]
[White "Heldt, Nils-Lennart"]
[Black "Timmerman, Gert"]
[Result "1-0"]
[WhiteElo "1974"]
[BlackElo "2201"]
[PlyCount "113"]
[SourceVersionDate "2018.06.17"]

1. e4 e5 2. Nf3 Nc6 3. Bb5 Nd4 4. Nxd4 exd4 5. O-O Bc5 6. d3 c6 7. Bc4 h5 8. c3
Ne7 9. b4 Bb6 10. Bb2 d5 11. exd5 cxd5 12. Bb5+ Kf8 13. c4 a6 14. Ba4 Nf5 15.
Nd2 Be6 16. c5 Bc7 17. Nf3 Qf6 18. Qd2 h4 19. Qg5 Bd8 20. Qxf6 Bxf6 21. Rfe1 g6
22. Ne5 Kg7 23. Re2 Rhd8 24. Rae1 Rac8 25. h3 Rc7 26. Bc1 a5 27. a3 axb4 28.
axb4 Ra8 29. Bb3 b6 30. Bf4 bxc5 31. Nxf7 Rxf7 32. Rxe6 c4 33. dxc4 Ra3 34. Bd1
dxc4 35. Rc6 c3 36. Bc2 Re7 37. Rxe7+ Nxe7 38. Rc7 Kf7 39. b5 g5 40. b6 Ra1+
41. Kh2 gxf4 42. b7 Be5 43. b8=Q f3+ 44. g3 hxg3+ 45. fxg3 Bxc7 46. Qxc7 f2 47.
Qf4+ Ke6 48. Bb3+ Nd5 49. Qe4+ Kd6 50. Qxd5+ Kc7 51. Qf7+ Kb6 52. Qxf2 Kc5 53.
Qe2 Kb4 54. Qc4+ Ka3 55. Bc2 Kb2 56. Qb3+ Kc1 57. Bd3 1-0

[Event "Meister gegen Talente"]
[Site "?"]
[Date "2018.06.17"]
[Round "1"]
[White "Pahl, Theis"]
[Black "Hundack, Rolf"]
[Result "0-1"]
[WhiteElo "1971"]
[BlackElo "2075"]
[Annotator "Stephan Buchal"]
[PlyCount "84"]
[SourceVersionDate "2018.06.17"]

1. e4 e5 2. Nf3 Nc6 3. Bb5 d6 4. O-O Bd7 5. d4 exd4 6. Nxd4 Nf6 7. Nc3 Be7 8.
Bg5 O-O 9. Bxc6 bxc6 10. Qd3 h6 11. Bh4 Nh7 12. Bxe7 Qxe7 13. f4 Rab8 14. Nb3
Rfe8 15. Rae1 Nf6 16. Qa6 Qd8 17. Qxa7 c5 18. Qa6 Rb4 19. a3 Rb6 20. Qd3 {
[#] Theis hat gerade einen Damenausflug samt Bauernraub auf a7 hinter sich
gebracht und will sich jetzt konsolidieren. Rolf hofft auf Gegenspiel:} Bc8 {
mit der offensichtlichen Drohung Lc8-a6 ....} 21. Nd1 $2 {um auf ...La6 das
Zentrum mit c2-c4 zu befestigen.} (21. Qd1 $14) 21... c4 $1 {Dieser sehr nette
Zwischenzug durchkreuzt die weißen Pläne!} 22. Qxc4 Ba6 23. Qd4 c5 $1 {
damit vertreibt er noch die Dame von der Deckung des Be4.} 24. Qa4 Bb5 25. Qa5
Bxf1 26. Kxf1 Rxe4 {und Rolf gewann nach 42. Zügen} 27. Rxe4 Nxe4 28. Qe1 d5
29. g3 Re6 30. Nc3 Nxc3 31. Qxc3 d4 32. Qd2 Qd5 33. Kg1 Re4 34. Nc1 c4 35. Kf2
g6 36. Kg1 h5 37. c3 d3 38. Kf2 h4 39. Kf1 hxg3 40. hxg3 Qe6 41. Kg2 Re1 42.
Kh2 Qe4 0-1

[Event "Meister gegen Talente"]
[Site "?"]
[Date "2018.06.17"]
[Round "2"]
[White "Hoeksema, Hendrik Pieter"]
[Black "Silber, Kevin"]
[Result "0-1"]
[WhiteElo "2348"]
[BlackElo "2124"]
[PlyCount "66"]
[SourceVersionDate "2018.06.17"]

1. d4 d5 2. Nf3 Nf6 3. c4 c6 4. Qc2 e6 5. Bg5 Nbd7 6. e3 Qa5+ 7. Nc3 Ne4 8.
cxd5 exd5 9. Bd3 Nxg5 10. Nxg5 Be7 11. Nf3 Nf6 12. O-O O-O 13. a3 g6 14. b4 Qd8
15. Na4 Bd6 16. b5 cxb5 17. Bxb5 Qa5 18. Qb3 Bf5 19. Rfc1 Rac8 20. Nc3 a6 21.
Bf1 Rc7 22. Na4 Rfc8 23. Rxc7 Rxc7 24. Nc5 b6 25. Nxa6 Ra7 26. Rc1 Rxa6 27.
Bxa6 Qxa6 28. Rc6 Ne4 29. a4 Bd7 30. Rxd6 Qe2 31. Rxd7 Qxf2+ 32. Kh1 Qf1+ 33.
Ng1 Nf2# 0-1

[Event "Meister gegen Talente"]
[Site "?"]
[Date "2018.06.17"]
[Round "2"]
[White "Buchal, Stephan"]
[Black "Colbow, Collin"]
[Result "1/2-1/2"]
[WhiteElo "2337"]
[BlackElo "2087"]
[Annotator "Stephan Buchal"]
[PlyCount "121"]
[SourceVersionDate "2018.06.17"]

1. Nf3 Nf6 2. c4 e6 3. g3 d5 4. Bg2 dxc4 5. O-O Be7 6. Na3 c5 7. Nxc4 b5 8.
Nce5 O-O 9. a4 Qb6 10. axb5 Qxb5 11. d3 Bb7 12. Nc4 Bd5 13. Bf4 Nc6 14. Qa4 a6
15. Nfe5 Nd4 16. Qd1 Bxg2 17. Kxg2 Nd5 18. Bd2 f6 19. Ng4 Nb6 20. Nxb6 Qxb6 21.
Bc3 Nb5 22. Ne3 Nxc3 23. bxc3 Qb2 24. Rc1 a5 25. Nc4 Qb7+ 26. f3 a4 27. Ra1 Qc6
28. Qc2 Rfb8 29. Ra3 f5 30. Rfa1 Bf6 31. R1a2 Kf7 32. Nb2 Rb3 33. Nc4 Ke7 34.
Rxb3 axb3 35. Qxb3 Rxa2 36. Qxa2 Bxc3 37. Qa7+ Kf8 38. Qb8+ {[#] Ich hatte bis
hierher schon einige Chacen ausgelassen, aber hier bot sich gleich die Beste ..
. allerdings waren wir beide in Zeitnot.} Kf7 $2 {Nach dem besseren} (38... Ke7
{steht Weiß immer noch etwas angenehmer, aber es ist nichts los.}) 39. Qd8 $2
({Mit dem ebenso einfachen wie schicken} 39. Qe5 $1 {konnte ich entscheidend
in Vorteil kommen. Der Läufer ist angegriffen und muss sich von der schönen
Diagonale entfernen:} Bb4 40. Nd6+ $18) 39... Bf6 40. Qb8 h6 41. h4 g5 42. Nd6+
Ke7 43. Nc8+ Kf7 44. Nd6+ Ke7 45. hxg5 hxg5 46. Nc4 Kf7 47. e4 g4 48. fxg4 fxe4
49. Nd6+ Kg7 50. Nxe4 c4 51. Qf4 Be7 52. Qe5+ Kf7 53. Qc3 Qb7 54. Qxc4 Qb2+ 55.
Kf3 Qb1 56. g5 Qf1+ 57. Ke3 Qe1+ 58. Kf3 Qf1+ 59. Ke3 Qe1+ 60. Kd4 Qa1+ 61. Ke3
1/2-1/2

[Event "Meister gegen Talente"]
[Site "?"]
[Date "2018.06.17"]
[Round "2"]
[White "Hundack, Rolf"]
[Black "Pahl, Erik"]
[Result "1-0"]
[WhiteElo "2075"]
[BlackElo "2128"]
[PlyCount "67"]
[SourceVersionDate "2018.06.17"]

1. c4 c5 2. Nc3 Nc6 3. g3 g6 4. Bg2 Bg7 5. e3 e6 6. Nge2 Nge7 7. d4 cxd4 8.
exd4 d5 9. cxd5 Nxd5 10. Nxd5 exd5 11. O-O O-O 12. Be3 Bg4 13. f3 Bf5 14. g4
Be6 15. Qd2 Qb6 16. Rad1 a5 17. Rf2 Rfe8 18. Bf1 f5 19. h3 a4 20. Kh1 Rac8 21.
Rg2 a3 22. bxa3 Qa5 23. Qb2 fxg4 24. hxg4 Bxg4 25. Bd2 Qa4 26. Nc3 Qxd4 27.
fxg4 Ne5 28. Qb3 Nc4 29. Be1 Qf4 30. Bg3 Qxg4 31. Nxd5 Qh5+ 32. Rh2 Qg4 33. Nb6
Qe4+ 34. Rg2 1-0

[Event "Meister gegen Talente"]
[Site "?"]
[Date "2018.06.17"]
[Round "2"]
[White "Timmerman, Gert"]
[Black "Pahl, Theis"]
[Result "1-0"]
[WhiteElo "2201"]
[BlackElo "1971"]
[PlyCount "61"]
[SourceVersionDate "2018.06.17"]

1. e4 c5 2. Nf3 d6 3. d4 cxd4 4. Nxd4 Nf6 5. Nc3 a6 6. Bc4 e6 7. Bb3 Be7 8. g4
h6 9. Rg1 Nc6 10. Be3 Qc7 11. Qe2 b5 12. a3 Na5 13. O-O-O Nc4 14. Ndxb5 axb5
15. Nxb5 Qb7 16. Qxc4 O-O 17. Nxd6 Bxd6 18. Rxd6 Qxe4 19. Qxe4 Nxe4 20. Rb6 Ba6
21. f3 Nf6 22. g5 hxg5 23. Bxg5 Nd7 24. Rd6 Nc5 25. Bf6 Nxb3+ 26. cxb3 g6 27.
Kb1 Rfc8 28. Rd4 Kf8 29. Rh4 Bd3+ 30. Ka2 Ke8 31. Rd1 1-0

[Event "Meister gegen Talente"]
[Site "?"]
[Date "2018.06.17"]
[Round "2"]
[White "Margraf, Daniel"]
[Black "Heldt, Nils-Lennart"]
[Result "1-0"]
[WhiteElo "2245"]
[BlackElo "1974"]
[PlyCount "59"]
[SourceVersionDate "2018.06.17"]

1. e4 c6 2. d4 d5 3. Nc3 dxe4 4. Nxe4 Bf5 5. Ng3 Bg6 6. Nh3 h6 7. Bc4 Nf6 8.
O-O e6 9. Nf4 Bh7 10. Re1 Be7 11. Qe2 Nd5 12. Ngh5 O-O 13. Qg4 Bg5 14. h4 Bf5
15. Qg3 Bf6 16. Nxd5 cxd5 17. Bxh6 dxc4 18. Bxg7 Bxh4 19. Qc3 Bg6 20. Bxf8 Qxf8
21. Nf4 Bf5 22. d5 Qh6 23. Qxc4 Nd7 24. dxe6 fxe6 25. Nxe6 Nb6 26. Qb3 Kh8 27.
Qc3+ Bf6 28. Qf3 Qh7 29. Rad1 Rg8 30. Nd4 1-0

[Event "Meister gegen Talente"]
[Site "?"]
[Date "2018.06.17"]
[Round "3"]
[White "Pahl, Theis"]
[Black "Margraf, Daniel"]
[Result "1/2-1/2"]
[WhiteElo "1971"]
[BlackElo "2245"]
[PlyCount "214"]
[SourceVersionDate "2018.06.17"]

1. e4 c5 2. Nc3 a6 3. g3 b5 4. Bg2 Bb7 5. d3 Nf6 6. f4 e6 7. Nf3 b4 8. Ne2 Nc6
9. O-O Be7 10. h3 Qc7 11. Be3 d5 12. e5 Nd7 13. c3 a5 14. Rc1 Ba6 15. c4 Nb6
16. b3 Rd8 17. Qc2 O-O 18. Rfd1 Rd7 19. cxd5 Rxd5 20. Ne1 Rfd8 21. Bxd5 Rxd5
22. Rd2 Qd7 23. Rcd1 Na7 24. a4 Qc6 25. Ng2 Rd8 26. Kh2 Bb7 27. Nc1 Qd5 28. Bg1
h5 29. h4 Bf8 30. Re1 Rd7 31. Re4 Rc7 32. Ne3 Qd7 33. Nc4 Nxc4 34. Rxc4 Qd5 35.
Re4 Ba6 36. Rc4 Rc8 37. Qd1 g6 38. Qe2 Rd8 39. Qe4 Bxc4 40. Qxc4 Nc6 41. Rc2
Nd4 42. Bxd4 Qxd4 43. Qxd4 Rxd4 44. Rc4 Rd5 45. Kg2 Bg7 46. Re4 Kf8 47. Kf3 Ke7
48. Ke3 f6 49. exf6+ Bxf6 50. Ne2 Bb2 51. Rc4 Kd6 52. Re4 Ke7 53. Rc4 Kd6 54.
Rc2 Bg7 55. Rc4 e5 56. Re4 Bh6 57. Rc4 Ke6 58. Ke4 exf4 59. Nxf4+ Bxf4 60. gxf4
Rf5 61. Rc1 Kf7 62. Rg1 Rf6 63. Rg5 Rc6 64. f5 gxf5+ 65. Rxf5+ Kg6 66. Rg5+ Kh6
67. Kd5 Rf6 68. Re5 Rf3 69. Kc4 Rf1 70. Kxc5 Rb1 71. Kc4 Rc1+ 72. Kd4 Rc3 73.
Rxa5 Rxb3 74. Ra6+ Kg7 75. Rb6 Rb1 76. a5 Rh1 77. Rxb4 Rxh4+ 78. Kc3 Rh1 79.
Ra4 Rc1+ 80. Kb4 h4 81. Kb3 h3 82. Rh4 Rb1+ 83. Kc4 Rh1 84. a6 h2 85. Kd4 Ra1
86. Rxh2 Rxa6 87. Rf2 Ra8 88. Kc3 Rc8+ 89. Kd2 Rd8 90. Rf4 Kg6 91. d4 Kg5 92.
Ke3 Re8+ 93. Re4 Ra8 94. Re5+ Kf6 95. Ke4 Ra1 96. Rf5+ Ke6 97. d5+ Kd6 98. Rf6+
Ke7 99. Re6+ Kd7 100. Kd4 Rd1+ 101. Kc4 Rc1+ 102. Kd4 Rd1+ 103. Kc4 Rc1+ 104.
Kd4 Rd1+ 105. Ke4 Re1+ 106. Kd4 Rxe6 107. dxe6+ Kxe6 1/2-1/2

[Event "Meister gegen Talente"]
[Site "?"]
[Date "2018.06.17"]
[Round "3"]
[White "Pahl, Erik"]
[Black "Timmerman, Gert"]
[Result "1/2-1/2"]
[WhiteElo "2128"]
[BlackElo "2201"]
[PlyCount "176"]
[SourceVersionDate "2018.06.17"]

1. e4 e5 2. Nf3 Nc6 3. Bb5 Bc5 4. O-O Nf6 5. Nxe5 Nxe5 6. d4 a6 7. Be2 Ng6 8.
dxc5 Qe7 9. Nc3 Qxc5 10. Be3 Qe7 11. Bg5 c6 12. Qd4 h6 13. Be3 O-O 14. Rad1 Re8
15. Bf3 b5 16. a3 Ne5 17. Qc5 Qe6 18. Bf4 Nxf3+ 19. gxf3 Qh3 20. Bg3 d5 21.
exd5 cxd5 22. Nxd5 Nxd5 23. Qxd5 Be6 24. Qb7 Qf5 25. Rd2 Rac8 26. Rc1 Rc5 27.
Qe4 Qf6 28. c3 Rf5 29. Rd3 Bd7 30. Qd4 Bc6 31. Qxf6 Rxf6 32. Kg2 g5 33. h3 h5
34. Bc7 g4 35. hxg4 hxg4 36. Kg3 Bxf3 37. Re3 Rc8 38. Be5 Rh6 39. b3 Kh7 40.
Kf4 Kg6 41. Rg1 Rh3 42. Bd4 Rd8 43. Re5 Rh5 44. Rxh5 Kxh5 45. Kf5 Re8 46. Be3
Re6 47. Rc1 Be4+ 48. Kf4 Bd5 49. c4 bxc4 50. bxc4 Re4+ 51. Kf5 Rxc4 52. Rd1
Be4+ 53. Kf6 Kh4 54. Kxf7 Kh3 55. Rd4 Rc7+ 56. Kf6 Bf3 57. Rd6 Be2 58. Rd2 Bf1
59. Bd4 Rc4 60. Be5 Ra4 61. Bd6 Ra5 62. Rd4 Be2 63. Re4 Bf3 64. Re3 Kg2 65. Bg3
Rb5 66. Re5 Rb2 67. Rg5 Ra2 68. Ra5 Be2 69. Kg5 Rc2 70. Kf4 Rc6 71. Re5 Bf3 72.
Ra5 Rc4+ 73. Ke3 Bb7 74. Kd3 Rc1 75. Rg5 Bc6 76. Rg6 a5 77. Ke3 Rc5 78. Kf4 Bf3
79. Ra6 Rd5 80. Ke3 Rb5 81. Kd4 Bd1 82. Ke4 a4 83. Rd6 Rb1 84. Ke3 Bc2 85. Rd4
Re1+ 86. Kd2 Rd1+ 87. Ke3 Rxd4 88. Kxd4 Bb3 1/2-1/2

[Event "Meister gegen Talente"]
[Site "?"]
[Date "2018.06.17"]
[Round "3"]
[White "Colbow, Collin"]
[Black "Hoeksema, Hendrik Pieter"]
[Result "1/2-1/2"]
[WhiteElo "2087"]
[BlackElo "2348"]
[PlyCount "82"]
[SourceVersionDate "2018.06.17"]

1. e4 c5 2. Nf3 d6 3. d4 cxd4 4. Nxd4 Nf6 5. Nc3 a6 6. f4 e6 7. Qf3 Qb6 8. Nb3
Qc7 9. Be3 b5 10. Bd3 Bb7 11. Nd4 b4 12. Nce2 Nbd7 13. g4 d5 14. e5 Ne4 15. Ng3
Ndc5 16. O-O g6 17. Nb3 Bg7 18. Nxc5 Nxc5 19. Bd4 O-O 20. Qe3 Nd7 21. Kg2 Rae8
22. g5 Ra8 23. h4 Rfc8 24. h5 Nc5 25. Nh1 a5 26. hxg6 hxg6 27. Nf2 Ba6 28. Rac1
Nxd3 29. cxd3 Qb7 30. Ng4 Qb5 31. Nf6+ Bxf6 32. gxf6 Qxd3 33. Qxd3 Bxd3 34.
Rfd1 Bc2 35. Re1 Rc4 36. Be3 Rac8 37. Kf2 d4 38. Bd2 Bf5 39. Rxc4 Rxc4 40. Rc1
Bc2 41. Kf3 Rc6 1/2-1/2